All Kendall's Solos on Dance Moms - Statistics

General Stats
  • This quiz has been taken 90 times
  • The average score is 20 of 48
Answer Stats
Hint Answer % Correct
BOTB Bring On The Boys
93%
EA123 Easy As 1-2-3
75%
SLL Sweet Little Lies
75%
ITILY I Think I Like You
70%
QOH Queen Of Hearts
70%
FMT Fool Me Twice
60%
MNIL My Name In Lights
60%
VD Voodoo Doll
58%
DA Demand Applause
55%
IG It Girl
53%
S Scream
53%
D DOA
50%
NJAPF Not Just Another Pretty Face
50%
OYN Owe You Nothing
48%
C Cleopatra
45%
JAI Just An Illusion
45%
MDF My Dear Friend
45%
W Waiting
45%
WTMY Welcome To My Life
45%
C Clueless
43%
JR Just Rain
43%
LAMN Look At Me Now
43%
H Holla
40%
TM Trouble Maker
40%
V Victorious
40%
WOATTP Waiting On A Train To Paris
40%
WTANW Welcome To A New World
40%
AEOM All Eyes On Me
38%
BF Battled Feet
38%
M Masked
38%
NW Natalie Wood
38%
TL The Luxor
35%
DI Dream It
33%
SAL Secrets And Lies
33%
B Burn
30%
TM The Meltdown
30%
TIM This Is Major
30%
UMS Under My Spell
30%
BR Blowing Red
28%
TJ The Journey
28%
HU Hands Up
25%
I Immortal
25%
LTB Living The Blues
25%
CAC Cold And Clear
20%
HGTHS Harlem Globe Trotters Halftime Show
15%
ASB After So Below
8%
KK Kiss Kiaa
8%
MB Monster Bride
8%
No matching quizzes found
Score Distribution
Percent of People with Each Score
Percentile by Number Answered
Your Score History
You have not taken this quiz